| 000 | 00773cam a22002654a 4500 | ||
|---|---|---|---|
| 020 | _a9781416049753 | ||
| 020 | _a1416049754 | ||
| 040 | _cDLC | ||
| 082 | 0 | 0 | _a617 SAU 2009 A115 Or. |
| 245 | 0 | 0 | _aArthritis & arthroplasty. |
| 246 | 3 | _aArthritis and arthroplasty. | |
| 246 | 3 | 0 | _aShoulder |
| 260 |
_aPhiladelphia, PA : _bSaunders/Elsevier, _cc2009. |
||
| 300 |
_axvi, 314 p. : _bill. (some col.) ; _c29 cm. + _e1 DVD-ROM (4 3/4 in.). |
||
| 490 | 1 | _aArthritis & arthroplasty series | |
| 500 | _a"Expert consult"--Cover. | ||
| 650 | 0 | _aShoulder joint | |
| 650 | 1 | 2 | _aShoulder Joint |
| 650 | 2 | 2 | _aArthritis |
| 650 | 2 | 2 | _aArthroplasty, Replacement |
| 700 | 1 | _aDines, David M. | |
| 700 | 1 | _aLaurencin, Cato T. | |
| 700 | 1 | _aWilliams, Gerald R., | |
| 942 | _cAEDBB | ||
| 999 |
_c17478 _d17478 |
||